000 00550nam a2200229Ia 4500
003 OSt
005 20220924134607.0
006 a|||||r|||| 00| 0
007 ta
008 220923b |||||||| |||| 00| 0 san d
024 _a280736
037 _cTextual
040 _aARTS
_cARTS
_bsan
041 _2san
_asan
082 _a/\2y7M36, 15L3
100 _aRamakrsna
_9208784
245 0 _aRamakrsnagita
260 _c1973
300 _a135p.
_ccm.
942 _h/\2y7M36, 15L3
_cTEXL
_2CC
999 _c437945
_d437945